[Event "I Festival"]
[Site "Locri ITA"]
[Date "2007.11.01"]
[Round "1"]
[White "Mercuri, Delia"]
[Black "Krivodedov, Victor"]
[Result "0-1"]
[WhiteElo "1463"]
[BlackElo "2143"]
[PlyCount "82"]
[EventDate "2007.11.01"]

1. e4 c5 2. c3 Nf6 3. e5 Nd5 4. c4 Nb4 5. a3 N4c6 6. Nf3 g6 7. d3 Bg7 8. Bf4 d6
9. exd6 e5 10. Bg3 Qxd6 11. Nc3 O-O 12. Be2 Na6 13. O-O Bf5 14. Nd5 Rad8 15.
Qd2 Be6 16. Bh4 f6 17. Nc3 Qe7 18. Qe3 Rd7 19. Rad1 Rfd8 20. Ne4 b6 21. h3 Nc7
22. Nc3 Qf7 23. Rd2 Nd4 24. Rfd1 Nf5 25. Qe4 Bh6 26. Rc2 Nd4 27. Nxe5 fxe5 28.
Bxd8 Rxd8 29. Qh4 Qf8 30. Rcd2 Bxd2 31. Rxd2 Nf5 32. Qe4 Nd6 33. Qxe5 Qf5 34.
Qg3 Qf7 35. Bf3 Kg7 36. Qg5 Qf6 37. Qg3 g5 38. Ne2 Rd7 39. Bc6 Nf5 40. Qf3 Rd6
41. Be4 h6 0-1

[Event "I Festival"]
[Site "Locri ITA"]
[Date "2007.11.01"]
[Round "1"]
[White "Piankov, Evgenij"]
[Black "Spataro, Enrico"]
[Result "1-0"]
[WhiteElo "2346"]
[BlackElo "1799"]
[PlyCount "95"]
[EventDate "2007.11.01"]

1. d4 f5 2. g3 Nf6 3. Bg2 g6 4. Nd2 Bg7 5. e4 fxe4 6. Nxe4 O-O 7. Nxf6+ Bxf6 8.
Nf3 d6 9. Bh6 Re8 10. O-O c6 11. c3 Qc7 12. Qb3+ d5 13. Rfe1 Bf5 14. Bf4 Qb6
15. Re3 Nd7 16. Rae1 e6 17. Ne5 Bxe5 18. Bxe5 Nxe5 19. Rxe5 Qxb3 20. axb3 Kf7
21. Ra1 a5 22. f3 Bc2 23. Ra3 a4 24. b4 b5 25. Kf2 h6 26. Ke3 Ke7 27. Kd2 Bb3
28. Bh3 Kd6 29. Ra1 Re7 30. f4 g5 31. Rae1 Rae8 32. fxg5 hxg5 33. Bg4 Ra8 34.
Rxe6+ Rxe6 35. Rxe6+ Kc7 36. Re7+ Kb6 37. Bd7 a3 38. bxa3 Rxa3 39. Re6 Kc7 40.
Be8 Kd8 41. h4 gxh4 42. gxh4 Ra2+ 43. Ke3 Bc4 44. Kf4 Rc2 45. Re3 Kc7 46. h5
Rh2 47. Kg5 Bb3 48. Bg6 1-0

[Event "I Festival"]
[Site "Locri ITA"]
[Date "2007.11.01"]
[Round "1"]
[White "Romeo, Caterina"]
[Black "Napoli, Nicolo'"]
[Result "0-1"]
[WhiteElo "1503"]
[BlackElo "2278"]
[PlyCount "34"]
[EventDate "2007.11.01"]

1. c4 Nf6 2. Nc3 d5 3. cxd5 Nxd5 4. g3 Nc6 5. Bg2 Nb6 6. e3 e5 7. Nge2 Nb4 8.
d4 Bf5 9. e4 exd4 10. Nxd4 Qxd4 11. exf5 Nd3+ 12. Ke2 Qxf2+ 13. Kxd3 O-O-O+ 14.
Bd5 Nxd5 15. Qg4 Nf6+ 16. Kc4 Nxg4 17. Bf4 Rd4+ 0-1

[Event "I Festival"]
[Site "Locri ITA"]
[Date "2007.11.01"]
[Round "1"]
[White "Zampaglione, Francesco"]
[Black "Cordi', Domenico"]
[Result "0-1"]
[WhiteElo "1419"]
[BlackElo "2055"]
[PlyCount "30"]
[EventDate "2007.11.01"]

1. e4 c5 2. c3 d5 3. Nf3 dxe4 4. Qa4+ Nc6 5. Qxe4 Nf6 6. Qc2 e6 7. Bc4 Be7 8.
O-O O-O 9. Rd1 Qc7 10. d4 cxd4 11. Nxd4 Nxd4 12. Rxd4 e5 13. Rd1 Qxc4 14. Be3
Ng4 15. Rd3 Bf5 0-1

[Event "I Festival"]
[Site "Locri ITA"]
[Date "2007.11.01"]
[Round "1"]
[White "Zavaglia, Giuseppe"]
[Black "Laketic, Gojko"]
[Result "0-1"]
[WhiteElo "1904"]
[BlackElo "2433"]
[PlyCount "56"]
[EventDate "2007.11.01"]

1. e4 Nf6 2. Nc3 e5 3. Nf3 d6 4. d4 Nbd7 5. dxe5 dxe5 6. Bc4 Bb4 7. O-O Bxc3 8.
bxc3 O-O 9. Ba3 c5 10. Re1 Qa5 11. Bb2 Nb6 12. Nxe5 Nxc4 13. Nxc4 Qb5 14. Qe2
Be6 15. Na3 Qxb2 16. Nc4 Qxc3 17. Nd6 b6 18. a4 Rad8 19. Nb5 Qe5 20. Nxa7 Ng4
21. g3 Qh5 22. h4 g5 23. f3 Ne5 24. Kg2 Nxf3 25. Rad1 Nxe1+ 26. Rxe1 Qxe2+ 27.
Rxe2 gxh4 28. gxh4 Bd7 0-1

[Event "I Festival"]
[Site "Locri ITA"]
[Date "2007.11.02"]
[Round "2"]
[White "Aleksic, Nenad"]
[Black "Gangemi, Salvatore"]
[Result "1-0"]
[WhiteElo "2368"]
[BlackElo "2066"]
[PlyCount "49"]
[EventDate "2007.11.01"]

1. e4 e6 2. d4 d5 3. Nc3 Bb4 4. e5 c5 5. Qg4 Ne7 6. Nf3 Nbc6 7. Bb5 Bd7 8. O-O
cxd4 9. Bxc6 Bxc6 10. Nxd4 Bxc3 11. bxc3 O-O 12. Bg5 Qc7 13. Rfe1 Rfe8 14. Re3
Ng6 15. Rae1 h6 16. Bh4 Nxh4 17. Qxh4 Qe7 18. Qh5 Rec8 19. Rg3 Kf8 20. Ree3 Be8
21. h4 Ba4 22. Ref3 a5 23. Qg6 Ke8 24. Qxg7 Kd7 25. Rxf7 1-0

[Event "I Festival"]
[Site "Locri ITA"]
[Date "2007.11.02"]
[Round "2"]
[White "Alvaro, Francesco"]
[Black "Familari, Giuseppe"]
[Result "0-1"]
[WhiteElo "1449"]
[BlackElo "1801"]
[PlyCount "86"]
[EventDate "2007.11.01"]

1. e4 c6 2. d4 d5 3. Nc3 dxe4 4. Nxe4 Bf5 5. Ng3 Bg6 6. Nf3 Nd7 7. Bd3 Bxd3 8.
Qxd3 e6 9. O-O Qc7 10. Re1 O-O-O 11. c4 Ngf6 12. a3 Bd6 13. Qc3 c5 14. Be3 h5
15. b4 cxd4 16. Nxd4 a6 17. b5 Nc5 18. bxa6 bxa6 19. Bg5 Bxg3 20. fxg3 Nce4 21.
Rxe4 Nxe4 22. Bxd8 Rxd8 23. Qe3 Qc5 24. Nc2 Rd3 25. Qxc5+ Nxc5 26. Rf1 Rc3 27.
Nb4 f5 28. Nc6 Rxa3 29. Rd1 Kc7 30. Nd4 Rc3 31. Re1 Rxc4 32. Nxe6+ Nxe6 33.
Rxe6 a5 34. Re7+ Kb6 35. Rxg7 a4 36. Rg8 Ka5 37. Rb8 a3 38. Kf1 Ra4 39. Ra8+
Kb4 40. Rb8+ Kc3 41. Rc8+ Kb3 42. Ke1 a2 43. Rb8+ Ka3 0-1

[Event "I Festival"]
[Site "Locri ITA"]
[Date "2007.11.02"]
[Round "2"]
[White "Battaglia, Domenica"]
[Black "Arcidiaco, Francesco"]
[Result "0-1"]
[WhiteElo "1371"]
[BlackElo "1542"]
[PlyCount "146"]
[EventDate "2007.11.01"]

1. e4 c5 2. Nf3 Nc6 3. Nc3 a6 4. Bc4 e6 5. a3 b5 6. Ba2 Bb7 7. d3 Rc8 8. Be3 d6
9. O-O Be7 10. Qd2 Bf6 11. Rad1 Qc7 12. g3 b4 13. axb4 cxb4 14. Na4 Ba8 15. Bc4
a5 16. Bb6 Qb7 17. Rfe1 Bxb2 18. Qg5 Bf6 19. Qb5 Ke7 20. Bxa5 Qxb5 21. Bxb5
Nxa5 22. Rc1 Bc3 23. Re2 Nh6 24. d4 Rb8 25. Bd3 g6 26. Rb1 Rhc8 27. Ng5 Bc6 28.
Nxc3 bxc3 29. Ra1 Nb7 30. d5 Bd7 31. Ree1 Nc5 32. Bc4 Rb2 33. Rac1 Bb5 34. Bxb5
Rxb5 35. Re3 Na4 36. Ra1 Ra5 37. h4 Ng4 38. Rf3 Ne5 39. Rf4 h6 40. Nh7 Raa8 41.
g4 Nc5 42. Rb1 Ra2 43. Rc1 Rb8 44. g5 h5 45. Rf6 Rh8 46. Rb1 Rxh7 47. dxe6 fxe6
48. f4 Ng4 49. Rxg6 Ne3 50. Re1 Nxc2 51. Re2 Nb4 52. Re3 c2 53. Rc3 Ra1+ 54.
Kf2 c1=Q 55. Rxc1 Rxc1 56. Rf6 Rf7 57. Rxf7+ Kxf7 58. e5 d5 59. Ke2 Rh1 60. f5
exf5 61. e6+ Nxe6 62. g6+ Kxg6 63. Ke3 d4+ 64. Kd2 Rxh4 65. Ke2 d3+ 66. Kd2 Re4
67. Kd1 h4 68. Kd2 h3 69. Kd1 h2 70. Kd2 Nc7 71. Kc3 h1=Q 72. Kb3 Qg2 73. Kc3
Qc2# 0-1

[Event "I Festival"]
[Site "Locri ITA"]
[Date "2007.11.02"]
[Round "2"]
[White "Bentivegna, Francesco"]
[Black "Forlano, Luigi"]
[Result "1-0"]
[WhiteElo "2330"]
[BlackElo "1994"]
[PlyCount "49"]
[EventDate "2007.11.01"]

1. e4 c6 2. d4 d5 3. exd5 cxd5 4. c4 Nf6 5. Nc3 e6 6. Nf3 Be7 7. cxd5 Nxd5 8.
Bd3 O-O 9. O-O Nc6 10. Re1 Nf6 11. Bg5 Nb4 12. Bb1 b6 13. a3 Nbd5 14. Nxd5 Nxd5
15. Qd3 g6 16. Bh6 Re8 17. Bc2 a6 18. Bb3 Bb7 19. Rac1 Rc8 20. Rxc8 Qxc8 21.
Ne5 Qd8 22. Qf3 Bf6 23. Bg5 Bxg5 24. Qxf7+ Kh8 25. Qxb7 1-0

[Event "I Festival"]
[Site "Locri ITA"]
[Date "2007.11.02"]
[Round "2"]
[White "Carabetta, Alfredo"]
[Black "Blasco, Domenico"]
[Result "0-1"]
[WhiteElo "1503"]
[BlackElo "1969"]
[PlyCount "36"]
[EventDate "2007.11.01"]

1. d4 Nf6 2. c4 c5 3. Nf3 cxd4 4. Nxd4 Nc6 5. e3 g6 6. Bd2 Bg7 7. Bd3 O-O 8. a3
d6 9. f3 Nxd4 10. exd4 Nh5 11. g4 Nf6 12. Nc3 e5 13. dxe5 dxe5 14. Qc2 Be6 15.
O-O-O Rc8 16. b3 a6 17. Kb2 b5 18. Rhe1 bxc4 0-1

[Event "I Festival"]
[Site "Locri ITA"]
[Date "2007.11.02"]
[Round "2"]
[White "Cordi', Domenico"]
[Black "Piankov, Evgenij"]
[Result "0-1"]
[WhiteElo "2055"]
[BlackElo "2346"]
[PlyCount "36"]
[EventDate "2007.11.01"]

1. d4 d5 2. Nf3 c6 3. c4 e6 4. e3 Bd6 5. Nc3 f5 6. Ne5 Nf6 7. Be2 O-O 8. O-O b6
9. b3 Bb7 10. Bb2 Nbd7 11. f4 Qe7 12. Rc1 Rac8 13. cxd5 Nxd5 14. Nxd5 cxd5 15.
Bb5 Nf6 16. Qe2 Ba3 17. Bd3 Qb4 18. h3 Qa5 0-1

[Event "I Festival"]
[Site "Locri ITA"]
[Date "2007.11.02"]
[Round "2"]
[White "Krivodedov, Victor"]
[Black "Dragojlovic, Andjelko"]
[Result "0-1"]
[WhiteElo "2143"]
[BlackElo "2409"]
[PlyCount "120"]
[EventDate "2007.11.01"]

1. e4 c5 2. Nf3 g6 3. d4 cxd4 4. Qxd4 Nf6 5. Nc3 Nc6 6. Qa4 d6 7. e5 dxe5 8.
Nxe5 Bg7 9. Bb5 O-O 10. Nxc6 bxc6 11. Bxc6 Rb8 12. O-O Bf5 13. Qxa7 Bxc2 14. a4
e5 15. a5 e4 16. Bb7 Qe7 17. a6 Bd3 18. Qe3 Bxf1 19. Kxf1 Rxb7 20. axb7 Qxb7
21. Qa7 Qc6 22. Qa6 Qc7 23. g3 Qd7 24. Kg2 Qf5 25. Qe2 Re8 26. h3 h5 27. Ra4 g5
28. g4 hxg4 29. hxg4 Nxg4 30. Rxe4 Rxe4 31. Nxe4 f6 32. b4 Ne5 33. b5 Ng6 34.
Ng3 Nh4+ 35. Kf1 Qd5 36. Ba3 Qb3 37. Qe8+ Kh7 38. Qh5+ Bh6 39. Bf8 Qxb5+ 40.
Kg1 Qb1+ 41. Kh2 Qg6 42. Bxh6 Qxh6 43. Qf7+ Qg7 44. Qh5+ Kg8 45. Qe8+ Qf8 46.
Qe6+ Qf7 47. Qxf7+ Kxf7 48. Kh3 Kg6 49. Ne2 Kh5 50. Kg3 Nf5+ 51. Kg2 Kh4 52.
Ng1 Nd4 53. f3 f5 54. Kf2 Ne6 55. Ne2 Kh3 56. Ng1+ Kh2 57. f4 g4 58. Ne2 Nc5
59. Nd4 g3+ 60. Ke3 g2 0-1

[Event "I Festival"]
[Site "Locri ITA"]
[Date "2007.11.02"]
[Round "2"]
[White "Laketic, Gojko"]
[Black "Martorelli, Antonio"]
[Result "1-0"]
[WhiteElo "2433"]
[BlackElo "2233"]
[PlyCount "89"]
[EventDate "2007.11.01"]

1. e4 c5 2. Nf3 e6 3. d3 Nc6 4. g3 g6 5. Bg2 Bg7 6. O-O Nge7 7. c3 O-O 8. d4
cxd4 9. cxd4 Qb6 10. Nc3 Nxd4 11. Nxd4 Qxd4 12. Qxd4 Bxd4 13. Nb5 Nc6 14. Nxd4
Nxd4 15. Bh6 Re8 16. e5 f6 17. exf6 d6 18. Be3 Nc6 19. Rfd1 d5 20. g4 Kf7 21.
g5 Bd7 22. Rac1 Rac8 23. f4 Red8 24. a3 Be8 25. Bf2 Bd7 26. Bf3 Be8 27. b4 b6
28. h4 Nb8 29. Bg4 Ba4 30. Re1 Bd7 31. Kg2 Rxc1 32. Rxc1 Rc8 33. Rxc8 Bxc8 34.
b5 Bd7 35. a4 e5 36. Bd1 e4 37. Bb3 Be6 38. a5 Nd7 39. a6 Ke8 40. Kg3 Kd8 41.
Bd1 Kc7 42. Bg4 Nf8 43. Bxe6 Nxe6 44. f7 Nf8 45. Bd4 1-0

[Event "I Festival"]
[Site "Locri ITA"]
[Date "2007.11.02"]
[Round "2"]
[White "Napoli, Nicolo'"]
[Black "Djuric, Stefan"]
[Result "1-0"]
[WhiteElo "2278"]
[BlackElo "2463"]
[PlyCount "93"]
[EventDate "2007.11.01"]

1. e4 c5 2. Nf3 g6 3. d4 Bg7 4. c3 cxd4 5. cxd4 d5 6. exd5 Nf6 7. Bb5+ Nbd7 8.
d6 O-O 9. dxe7 Qxe7+ 10. Be2 Re8 11. Nc3 b5 12. a3 Bb7 13. O-O a6 14. Bg5 Qd6
15. Qd2 Nh5 16. Rfe1 Nb6 17. Rad1 Rac8 18. h3 Bf6 19. Bh6 Rcd8 20. Nh2 Qxd4 21.
Qc1 Qh4 22. Ng4 Rxd1 23. Rxd1 Nc4 24. Bxc4 bxc4 25. Nd5 Bxd5 26. Rxd5 Bd8 27.
Qxc4 Re1+ 28. Kh2 Qe7 29. Qc8 Qc7+ 30. Qxc7 Bxc7+ 31. g3 f5 32. Ne3 Re2 33. Kg1
f4 34. gxf4 Rxb2 35. f5 Rb1+ 36. Kg2 Nf4+ 37. Bxf4 Bxf4 38. Rd8+ Kf7 39. Nd5
Bg5 40. Rd7+ Ke8 41. Rxh7 gxf5 42. Nc7+ Kf8 43. Ne6+ Kg8 44. Rg7+ Kh8 45. Rxg5
Rb5 46. h4 Ra5 47. Rg3 1-0

[Event "I Festival"]
[Site "Locri ITA"]
[Date "2007.11.02"]
[Round "2"]
[White "Naumkin, Igor"]
[Black "Ljubisavljevic, Zivojin Z."]
[Result "1-0"]
[WhiteElo "2486"]
[BlackElo "2319"]
[PlyCount "83"]
[EventDate "2007.11.01"]

1. d4 g6 2. c4 Bg7 3. e4 c5 4. d5 d6 5. Nc3 Nf6 6. Nf3 O-O 7. Be2 a6 8. a4 h6
9. O-O Bg4 10. Be3 Nbd7 11. Qd2 Kh7 12. h3 Bxf3 13. Bxf3 Ne5 14. Be2 g5 15. f4
gxf4 16. Rxf4 b5 17. cxb5 axb5 18. Bxb5 Ng6 19. Rf2 Nd7 20. Raf1 Nde5 21. Rf5
Rh8 22. Ne2 Qa5 23. Qc2 Rab8 24. Ng3 Rxb5 25. axb5 Rb8 26. Rh5 Qxb5 27. Bxh6
Bh8 28. Bd2+ Kg8 29. Bc3 Qd3 30. Qxd3 Nxd3 31. Bxh8 Nxh8 32. Nf5 Rb7 33. Ra1
Rb8 34. Nxe7+ Kg7 35. Nf5+ Kf6 36. Nxd6 Nxb2 37. Rf5+ Kg7 38. Ra7 c4 39. Nxf7
c3 40. Ne5+ Kh6 41. Ng4+ Kg6 42. h4 1-0

[Event "I Festival"]
[Site "Locri ITA"]
[Date "2007.11.02"]
[Round "2"]
[White "Spataro, Enrico"]
[Black "Zampaglione, Francesco"]
[Result "1-0"]
[WhiteElo "1799"]
[BlackElo "1419"]
[PlyCount "45"]
[EventDate "2007.11.01"]

1. e4 e5 2. Nf3 Nf6 3. d4 d6 4. Bc4 Be6 5. Bxe6 fxe6 6. O-O exd4 7. Nxd4 e5 8.
Nb3 Nc6 9. Nc3 Qd7 10. f3 O-O-O 11. Nd5 Be7 12. c4 b6 13. Be3 h6 14. a4 a5 15.
Bxb6 Nxd5 16. cxd5 cxb6 17. Rc1 Kb8 18. dxc6 Qc7 19. Qd5 Rhf8 20. Rc3 g5 21.
Nxa5 bxa5 22. Rb3+ Ka8 23. Rb7 1-0

[Event "I Festival"]
[Site "Locri ITA"]
[Date "2007.11.02"]
[Round "2"]
[White "Valotta, Massimiliano"]
[Black "Romeo, Caterina"]
[Result "1-0"]
[WhiteElo "1908"]
[BlackElo "1503"]
[PlyCount "119"]
[EventDate "2007.11.01"]

1. d4 d5 2. Nc3 Nf6 3. h3 e6 4. Nf3 h6 5. Bf4 Bb4 6. a3 Ba5 7. b4 Bb6 8. e3 a6
9. Bd3 Nh5 10. Bh2 Nc6 11. O-O f5 12. b5 Ne7 13. Ne5 Nf6 14. bxa6 bxa6 15. Na2
O-O 16. Nb4 Qe8 17. Qe2 a5 18. Bb5 Nd7 19. Nbc6 Nxe5 20. Nxe5 c6 21. Bd3 Ng6
22. Nxg6 Qxg6 23. c4 Qf7 24. cxd5 cxd5 25. Rfc1 Ra7 26. Bd6 Rd8 27. Bc5 Bxc5
28. Rxc5 Rc7 29. Rxa5 g6 30. Ra8 Qe7 31. a4 Kg7 32. a5 Bb7 33. Rxd8 Qxd8 34. a6
Ba8 35. Qb2 Kf6 36. Rb1 Qd6 37. g3 h5 38. h4 g5 39. hxg5+ Kxg5 40. f4+ Kf6 41.
Qb8 Bc6 42. a7 Qe7 43. a8=Q Bxa8 44. Qxa8 Ra7 45. Qh8+ Qg7 46. Rb8 Qxh8 47.
Rxh8 Ra3 48. Be2 Rxe3 49. Kf2 Re4 50. Rxh5 Rxd4 51. Rh6+ Ke7 52. Rh7+ Kf6 53.
Bh5 e5 54. Rh6+ Kg7 55. Rg6+ Kh7 56. fxe5 Re4 57. Re6 Kg7 58. Bf3 Rd4 59. Ke3
Rb4 60. Bxd5 1-0

[Event "I Festival"]
[Site "Locri ITA"]
[Date "2007.11.02"]
[Round "2"]
[White "Zampaglione, Davide"]
[Black "Zavaglia, Giuseppe"]
[Result "0-1"]
[WhiteElo "1491"]
[BlackElo "1904"]
[PlyCount "38"]
[EventDate "2007.11.01"]

1. e4 c5 2. Nf3 d6 3. Nc3 Nf6 4. Bc4 e6 5. Bb3 a6 6. d3 Be7 7. O-O O-O 8. Bh6
gxh6 9. Qd2 Kg7 10. Rfe1 Nc6 11. Re3 Ng4 12. Re2 Nd4 13. Ree1 Nxf3+ 14. gxf3
Ne5 15. Qe3 Rg8 16. Kh1 Kh8 17. Rg1 Ng6 18. Rg2 Bg5 19. Qe2 Nf4 0-1

[Event "I Festival"]
[Site "Locri ITA"]
[Date "2007.11.02"]
[Round "3"]
[White "Arcidiaco, Francesco"]
[Black "Carabetta, Alfredo"]
[Result "1-0"]
[WhiteElo "1542"]
[BlackElo "1503"]
[PlyCount "141"]
[EventDate "2007.11.01"]

1. Nf3 d5 2. d4 Nf6 3. e3 g6 4. Bd3 e6 5. O-O c5 6. dxc5 Bxc5 7. a3 Nc6 8. b4
Bd6 9. Bb2 O-O 10. b5 Na5 11. Qe2 e5 12. Nxe5 Bxe5 13. Bxe5 Re8 14. Bb2 b6 15.
Nd2 Nb7 16. Qf3 Re6 17. Rfd1 Nc5 18. Be2 Bb7 19. Qh3 Rc8 20. Rac1 Nfe4 21. Nxe4
Rxe4 22. Qh6 Qf8 23. Qg5 d4 24. Bf3 Qe7 25. Qg3 Re6 26. Bxb7 Nxb7 27. Rxd4 Nd6
28. Rd5 Nc4 29. Ba1 Nxa3 30. Rh5 Rxc2 31. Rd1 Rc5 32. Rxc5 Qxc5 33. Rd8+ Qf8
34. Rxf8+ Kxf8 35. Qb8+ Re8 36. Qxa7 Nxb5 37. Qxb6 Ra8 38. Bf6 Rc8 39. g3 Nc7
40. Bd4 Ne6 41. Kg2 h6 42. Qd6+ Kg8 43. Bb2 Rd8 44. Qe5 Kf8 45. Qh8+ Ke7 46.
Bf6+ Kd7 47. Bxd8 Nxd8 48. Qxh6 Ne6 49. Qh8 Ke7 50. h4 Nf8 51. h5 gxh5 52. Qxh5
Ng6 53. f4 Nf8 54. e4 Nd7 55. e5 Nc5 56. g4 Nd3 57. Kf3 Ne1+ 58. Ke2 Ng2 59.
Qg5+ Ke8 60. f5 Kf8 61. f6 Ke8 62. Qg8+ Kd7 63. Qxf7+ Kc6 64. Qc4+ Kd7 65. f7
Ke7 66. e6 Nh4 67. Qc5+ Kxe6 68. f8=Q Ng6 69. Qg8+ Kd7 70. Qxg6 Kd8 71. Qa7 1-0

[Event "I Festival"]
[Site "Locri ITA"]
[Date "2007.11.02"]
[Round "3"]
[White "Blasco, Domenico"]
[Black "Krivodedov, Victor"]
[Result "1/2-1/2"]
[WhiteElo "1969"]
[BlackElo "2143"]
[PlyCount "113"]
[EventDate "2007.11.01"]

1. d4 Nf6 2. Nf3 c5 3. e3 e6 4. Bd3 b6 5. O-O Be7 6. Nbd2 O-O 7. c3 Bb7 8. a3
d6 9. b4 Nbd7 10. Bb2 Re8 11. e4 Qc7 12. Re1 e5 13. d5 Rf8 14. Nf1 g6 15. Ng3
Kh8 16. Qd2 Ng8 17. Ng5 Qd8 18. Nh3 Bf6 19. Rf1 Bg7 20. c4 cxb4 21. axb4 a5 22.
bxa5 bxa5 23. Bc3 Nc5 24. Rxa5 Ba6 25. Rb1 Qc7 26. Be2 Rab8 27. Rxb8 Rxb8 28.
Qa2 Qb6 29. Ng5 Rb7 30. h4 h6 31. Nh3 Nf6 32. Kh2 Nfd7 33. Bg4 Nb8 34. Bc8 Ra7
35. Bxa6 Rxa6 36. Rxa6 Nbxa6 37. Qb2 Nb3 38. f4 Nac5 39. Qa3 exf4 40. Bxg7+
Kxg7 41. Nxf4 Qd8 42. h5 Qh4+ 43. Nh3 Qf6 44. hxg6 Kxg6 45. Qa8 Kh7 46. Qc8 Nd2
47. Qf5+ Qxf5 48. exf5 Nxc4 49. Nf4 Ne3 50. Kg1 Kg7 51. Ngh5+ Kf8 52. Kf2 Ng4+
53. Kf3 Ne5+ 54. Ke3 Ke7 55. Kd4 Ncd7 56. Ng3 Nf6 57. Ne4 1/2-1/2

[Event "I Festival"]
[Site "Locri ITA"]
[Date "2007.11.02"]
[Round "3"]
[White "Djuric, Stefan"]
[Black "Piccoli, Vincenzo"]
[Result "1-0"]
[WhiteElo "2463"]
[BlackElo "1823"]
[PlyCount "45"]
[EventDate "2007.11.01"]

1. e4 c5 2. Nf3 d6 3. d4 cxd4 4. Nxd4 Nf6 5. Nc3 a6 6. f4 Nbd7 7. Nf3 Qc7 8.
Bd3 b5 9. O-O Bb7 10. Qe1 e6 11. Kh1 b4 12. Nd1 Be7 13. Nf2 Nc5 14. Bd2 Nxd3
15. cxd3 a5 16. Rc1 Qd7 17. e5 Nd5 18. Ne4 Ba6 19. exd6 Bxd6 20. Ne5 Bxe5 21.
fxe5 Bxd3 22. Nd6+ Kd8 23. Rxf7 1-0

[Event "I Festival"]
[Site "Locri ITA"]
[Date "2007.11.02"]
[Round "3"]
[White "Dragojlovic, Andjelko"]
[Black "Laketic, Gojko"]
[Result "0-1"]
[WhiteElo "2409"]
[BlackElo "2433"]
[PlyCount "28"]
[EventDate "2007.11.01"]

1. e4 c5 2. Nf3 e6 3. Qe2 Nc6 4. g3 g6 5. Bg2 Bg7 6. O-O d6 7. c3 Nge7 8. d3
O-O 9. Ne1 b5 10. f4 Rb8 11. Nf3 b4 12. Be3 bxc3 13. bxc3 Ba6 14. Qc2 Nb4 0-1

[Event "I Festival"]
[Site "Locri ITA"]
[Date "2007.11.02"]
[Round "3"]
[White "Forlano, Luigi"]
[Black "Familari, Giuseppe"]
[Result "1-0"]
[WhiteElo "1994"]
[BlackElo "1801"]
[PlyCount "82"]
[EventDate "2007.11.01"]

1. c4 f5 2. g3 Nf6 3. Bg2 g6 4. Nc3 Bg7 5. Nf3 O-O 6. d4 d6 7. O-O c6 8. Bf4
Qe8 9. Qb3 Nbd7 10. Ng5 e5 11. c5+ Kh8 12. Be3 h6 13. Ne6 Nxc5 14. Nxc5 dxc5
15. dxe5 Qxe5 16. Bf4 Qe7 17. Rad1 Be6 18. Qa4 Rfd8 19. Rxd8+ Qxd8 20. Be3 Qe7
21. Qa3 Bf8 22. Na4 b6 23. Nxb6 Rb8 24. Na4 Ne4 25. f3 Ng5 26. Bxc5 Qf7 27. h4
Nh7 28. Bxf8 Nxf8 29. Qc3+ Kh7 30. b3 Rc8 31. Nc5 Qc7 32. f4 Qb6 33. Kh2 Bd5
34. e4 fxe4 35. Bxe4 Re8 36. Bxd5 cxd5 37. Rf2 Nd7 38. b4 Nf6 39. Rd2 h5 40.
Qd4 Qb5 41. Kg2 Ng4 1-0

[Event "I Festival"]
[Site "Locri ITA"]
[Date "2007.11.02"]
[Round "3"]
[White "Ljubisavljevic, Zivojin Z."]
[Black "Napoli, Nicolo'"]
[Result "1/2-1/2"]
[WhiteElo "2319"]
[BlackElo "2278"]
[PlyCount "22"]
[EventDate "2007.11.01"]

1. e4 g6 2. d4 Bg7 3. c3 d5 4. exd5 Qxd5 5. Nf3 Nh6 6. Qb3 Qd6 7. Nbd2 O-O 8.
Ne4 Qd8 9. Bf4 Nf5 10. h4 Nd6 11. Ng3 Bg4 1/2-1/2

[Event "I Festival"]
[Site "Locri ITA"]
[Date "2007.11.02"]
[Round "3"]
[White "Martorelli, Antonio"]
[Black "Valotta, Massimiliano"]
[Result "0-1"]
[WhiteElo "2233"]
[BlackElo "1908"]
[PlyCount "60"]
[EventDate "2007.11.01"]

1. e4 c5 2. Nf3 d6 3. d4 cxd4 4. Nxd4 Nc6 5. Nc3 e5 6. Nf3 Nf6 7. Bg5 Be6 8.
Qd2 h6 9. Bh4 g5 10. Bg3 Qb6 11. Bb5 g4 12. Nh4 O-O-O 13. f4 Nxe4 14. Nxe4 Qxb5
15. Nc3 Qa6 16. f5 Bd7 17. O-O-O Nd4 18. Rhf1 Bb5 19. Rfe1 h5 20. Kb1 Bh6 21.
Qf2 Bc6 22. a3 Qc4 23. Rd3 Kb8 24. Rxe5 Nxc2 25. Rxd6 Nxa3+ 26. bxa3 Rxd6 27.
Re2 Qxc3 28. Bxd6+ Ka8 29. Qg3 Qc1+ 30. Ka2 Bd5+ 0-1

[Event "I Festival"]
[Site "Locri ITA"]
[Date "2007.11.02"]
[Round "3"]
[White "Mercuri, Delia"]
[Black "Battaglia, Domenica"]
[Result "1-0"]
[WhiteElo "1463"]
[BlackElo "1371"]
[PlyCount "75"]
[EventDate "2007.11.01"]

1. e4 e5 2. Nf3 Nc6 3. Nc3 Nf6 4. Bc4 d6 5. h3 b6 6. O-O Bb7 7. Bb5 Be7 8. d4
O-O 9. d5 a6 10. Bxc6 Bxc6 11. dxc6 b5 12. Bg5 b4 13. Bxf6 Bxf6 14. Nd5 a5 15.
Qe2 h6 16. Rac1 Kh8 17. b3 Re8 18. c3 bxc3 19. Rxc3 a4 20. b4 Be7 21. Nd2 Qc8
22. f4 f6 23. f5 Qd8 24. Nf3 Rg8 25. Nh4 Re8 26. Qh5 Rf8 27. Ng6+ Kg8 28.
Ngxe7+ Kh7 29. Qg6+ Kh8 30. Rg3 Rg8 31. Nxg8 Qxg8 32. b5 Re8 33. Nxc7 Re7 34.
Ne6 a3 35. b6 Rf7 36. c7 Rd7 37. b7 Rf7 38. c8=Q 1-0

[Event "I Festival"]
[Site "Locri ITA"]
[Date "2007.11.02"]
[Round "3"]
[White "Piankov, Evgenij"]
[Black "Naumkin, Igor"]
[Result "1/2-1/2"]
[WhiteElo "2346"]
[BlackElo "2486"]
[PlyCount "76"]
[EventDate "2007.11.01"]

1. d4 e6 2. c3 f5 3. g3 Nf6 4. Bg2 Be7 5. Nd2 c5 6. Ngf3 O-O 7. O-O Nc6 8. Nc4
b5 9. Nce5 Bb7 10. Bg5 Nxe5 11. Nxe5 Bxg2 12. Kxg2 Nd5 13. Bxe7 Qxe7 14. dxc5
Qxc5 15. e4 Ne3+ 16. fxe3 Qxe5 17. exf5 Rxf5 18. Qd4 Raf8 19. Qxe5 Rxe5 20.
Rxf8+ Kxf8 21. Kf3 Rf5+ 22. Ke2 Rh5 23. h4 g5 24. a4 gxh4 25. gxh4 a6 26. axb5
axb5 27. Rf1+ Ke7 28. Rf4 Rc5 29. Rb4 Rc4 30. Rxb5 Rxh4 31. b4 d5 32. Rb8 Rc4
33. Kd3 h5 34. b5 Kd6 35. b6 Kc6 36. b7 Re4 37. Rh8 Kxb7 38. Rxh5 Kc6 1/2-1/2

[Event "I Festival"]
[Site "Locri ITA"]
[Date "2007.11.02"]
[Round "3"]
[White "Romeo, Caterina"]
[Black "Alvaro, Francesco"]
[Result "1-0"]
[WhiteElo "1503"]
[BlackElo "1449"]
[PlyCount "150"]
[EventDate "2007.11.01"]

1. c4 e5 2. Nc3 Nf6 3. d3 Bb4 4. Bd2 Nc6 5. a3 Bxc3 6. Bxc3 O-O 7. g3 Re8 8. e4
d6 9. Bg2 h6 10. Nf3 a5 11. O-O Bg4 12. h3 Bxf3 13. Bxf3 Qd7 14. Bg2 Nh7 15. h4
Nf8 16. Kh2 Ne6 17. Bh3 Qd8 18. Bxe6 Rxe6 19. Rb1 a4 20. f4 Rf6 21. f5 Kf8 22.
Kh3 g6 23. fxg6 fxg6 24. Qe2 Ke8 25. Rxf6 Qxf6 26. Rf1 Qe6+ 27. Kg2 Kd7 28. Qe3
Rh8 29. Rf3 Rh7 30. Qf2 g5 31. Rf6 Qg4 32. Rf7+ Rxf7 33. Qxf7+ Ne7 34. hxg5
hxg5 35. Qf3 Qe6 36. Qd1 g4 37. Qxa4+ Nc6 38. Qd1 Qg6 39. b4 Qh5 40. Qh1 Qxh1+
41. Kxh1 b6 42. b5 Nd4 43. Kg2 Ne2 44. Bd2 Nd4 45. a4 Nb3 46. Bc3 Nc5 47. d4
Nxe4 48. Ba1 exd4 49. Bxd4 Nd2 50. Kf2 Nxc4 51. Ke2 Ke6 52. Kd3 Ne5+ 53. Ke4
Nd7 54. Kf4 Nc5 55. Kxg4 Nxa4 56. Kg5 Kf7 57. Kf5 Nc5 58. g4 Ne6 59. Ba1 Nd8
60. g5 Nb7 61. g6+ Kg8 62. Ke6 Nc5+ 63. Kd5 Kf8 64. g7+ Kg8 65. Kc6 Ne6 66. Kd7
Nxg7 67. Kxc7 Ne6+ 68. Kxb6 Kf8 69. Kb7 Ke7 70. b6 Kd7 71. Bf6 d5 72. Ka7 d4
73. b7 Nd8 74. Bxd8 d3 75. b8=Q d2 1-0

[Event "I Festival"]
[Site "Locri ITA"]
[Date "2007.11.02"]
[Round "3"]
[White "Zavaglia, Giuseppe"]
[Black "Cordi', Domenico"]
[Result "0-1"]
[WhiteElo "1904"]
[BlackElo "2055"]
[PlyCount "84"]
[EventDate "2007.11.01"]

1. d4 Nf6 2. Nf3 g6 3. Bg5 Bg7 4. e3 c5 5. Nbd2 cxd4 6. exd4 O-O 7. Bd3 Nc6 8.
c3 h6 9. Bh4 d6 10. O-O e5 11. dxe5 dxe5 12. Qc2 Qc7 13. Rfe1 Be6 14. Rac1 Rfe8
15. h3 Nh5 16. Ne4 f5 17. Nc5 Bf7 18. Bb5 g5 19. Bg3 Nxg3 20. fxg3 Qb6 21. Bxc6
Qxc5+ 22. Kh1 Qxc6 23. Qxf5 Be6 24. Qg6 Bd5 25. Qh5 Re7 26. Nd4 Qd7 27. Nf3 Bf7
28. Qg4 Qxg4 29. hxg4 Kf8 30. b3 Rd8 31. Rcd1 Rxd1 32. Rxd1 Be6 33. Rf1 Ke8 34.
Nd2 Bd5 35. c4 Bc6 36. b4 a6 37. c5 Bd5 38. a4 e4 39. b5 axb5 40. axb5 e3 41.
Nf3 e2 42. Rc1 Bxf3 0-1